OPAC Home

CAMBRIDGE MODERN HISTORY ATLAS (Record no. 147424)

MARC details
000 -LEADER
fixed length control field 00418nam a22001577a 4500
003 - CONTROL NUMBER IDENTIFIER
control field LK-CoDNM
005 - DATE AND TIME OF LATEST TRANSACTION
control field 20240813140504.0
008 - FIXED-LENGTH DATA ELEMENTS--GENERAL INFORMATION
fixed length control field 240813b |||||||| |||| 00| 0 eng d
040 ## - CATALOGING SOURCE
Original cataloging agency LK-CoDNM
Modifying agency LK-CoDNM
Description conventions LK-CoDNM
080 ## - UNIVERSAL DECIMAL CLASSIFICATION NUMBER
Universal Decimal Classification number 10
Item number U15
942 ## - ADDED ENTRY ELEMENTS (KOHA)
Koha item type Books
100 ## - MAIN ENTRY--PERSONAL NAME
Personal name WARD A.W
245 ## - TITLE STATEMENT
Title CAMBRIDGE MODERN HISTORY ATLAS
260 ## - PUBLICATION, DISTRIBUTION, ETC. (IMPRINT)
Place of publication, distribution, etc. CAMBRIDGE
Name of publisher, distributor, etc. AT THE UNIVERSITY PRESS
Date of publication, distribution, etc. 1924
300 ## - PHYSICAL DESCRIPTION
Extent XIX, 225P. : MAP ; 25 CM
Holdings
Withdrawn status Lost status Damaged status Not for loan Collection code Permanent Location Current Location Shelving location Date acquired Full call number Barcode Koha item type
    Damaged   Old Books Collection Library National Museum Colombo - Sri Lanka Library National Museum Colombo - Sri Lanka Reference 2024-08-13 10 U15 OB5201 Books
Copyright © 2023 Department of National Museum, Colombo 07, Sri Lanka Funded by UNESCO IFAP UNESCO